000 00695nam a2200181Ia 4500
008 090124s9999 xx 000 0 und d
082 _b111710
100 _aभातखंडे विष्णुनारायण
245 _a हिंदुस्थानी संगीत पध्दति
250 _a1
260 _c1969
300 _a34
600 _aभातखंडे विष्णुनारायण
630 _a हिंदुस्थानी संगीत पध्दति
700 _aभातखंडे विष्णुनारायण
730 _a हिंदुस्थानी संगीत पध्दति
942 _cBOOK
999 _c157801
_d157801